000 01266nam a2200337 a 4500
001 000111177
003 CHAP
005 20260409115614.0
008 150114s2014 mx a fsm |||||||spa d
010 _a107639
011 _a108611
040 _cCHAP
090 _aTesis
100 1 _aPeña Pérez, Alejandro
_9128993
245 1 0 _aRevisión bibligráfica sobre control bilógico de ácaro blanco (Polyphagotarsonemus latus) (Banks) en zarzamora (Rubus fruticosus) en los Reyes de Salgado, Michoacán
_h[En línea]
_cpor Alejandro Peña Pérez.
260 _aChapingo, Méx. :
_bEl autor,
_c2014.
500 _aPara ver el contenido del material haga clic en la liga
502 _aTesis (Ing. Agr. Esp. en Parasitología Agrícola) -- UACH. Departamento de Parasitología Agrícola
590 _aE11695DGD
_b10
_c20150115
590 _aE5995AHE
_b05
_c20150114
590 _aE5995AHE
_b05
_c20150114
590 _aE5995AHE
_b05
_c20150114
650 1 4 _aControl biológico de insectos.
_927582
650 1 4 _aZarzamora
_xMichoacán.
_9123740
650 1 4 _aZarzamora
_xPlagas.
_9123743
650 1 7 _aÁcaros
_982376
856 _aFinding aid
_uhttp://10.13.5.2/tesis/sist111177.pdf
_zTeclea aquí
901 _aBK
942 _cTESIS
_2ddc
942 _n0
_2ddc
999 _c107639
_d107639